Công nghệ nuôi trồng nấm

Αποθηκεύτηκε σε:
Λεπτομέρειες βιβλιογραφικής εγγραφής
Κύριος συγγραφέας: Nguyễn, Lân Dũng
Μορφή: Βιβλίο
Γλώσσα:Undetermined
Έκδοση: Nông nghiệp 2001
Ετικέτες: Προσθήκη ετικέτας
Δεν υπάρχουν, Καταχωρήστε ετικέτα πρώτοι!
Thư viện lưu trữ: Trung tâm Học liệu Trường Đại học Cần Thơ
LEADER 00475nam a2200169Ia 4500
001 CTU_48759
008 210402s9999 xx 000 0 und d
082 |a 635.8 
082 |b D513/T.1 
100 |a Nguyễn, Lân Dũng 
245 0 |a Công nghệ nuôi trồng nấm 
245 0 |c Nguyễn Lân Dũng 
260 |b Nông nghiệp 
260 |c 2001 
526 |a Nấm ăn 
526 |b NN381 
980 |a Trung tâm Học liệu Trường Đại học Cần Thơ